000 01887cam a22003857a 4500
003 CHAP
005 20220329133344.0
008 971013s1991 r 00010 d
010 _a5361
011 _a6333
035 _a5553
040 _cCHAP
082 _a312.0972
_bM49c 1990 B.C.
110 _aInstituto Nacional de Estadística, Geografía e Informática. México
_959304
245 0 _aCenso general de población y vivienda (11o.) 1990: Baja California : resultados definitivos
260 _aAguascalientes, Ags. :
_bEl Instituto,
_c1991 - 19 .
300 _av.
500 _aLa biblioteca tiene: v.1 Resultados definitivos -- v.2 Integración territorial -- v.3 Datos por AGEB urbana -- v.4 Datos por AGEB urbana (22 mapas) -- v.5 Perfil sociodemográfico -- v.6 Síntesis de resultados
590 _aBATCH-UPD
_b10
_c20130110
_lUCH01
_h2122
590 _aBATCH-UPD
_b10
_c20130410
_lUCH01
_h1432
590 _aBATCH-UPD
_b10
_c20130914
_lUCH01
_h1822
590 _aCONVERSION
_b10
_c20130109
_lUCH01
_h1304
650 1 4 _aMéxico
_xCensos (1990)
_976661
650 1 4 _aPoblación
_xEstadísticas
_zBaja California.
_989371
650 1 4 _aVivienda
_xBaja California.
_9120120
901 _aBK
942 _cLIBRO
949 _a312.0972 M49c 1990 B.C.
_bBC
_cESP
_d-75399
_eESP
_fv.4 mapas
_h84644
_i5553
_si
949 _a312.0972 M49c 1990 B.C.
_bBC
_cINEGI
_d33724000505087
_eINEGI
_fv.2
_h81884
_i5553
_si
949 _a312.0972 M49c 1990 B.C.
_bBC
_cINEGI
_d33724000505095
_eINEGI
_fv.1
_h81883
_i5553
_si
949 _a312.0972 M49c 1990 B.C.
_bBC
_cINEGI
_d33724000535977
_eINEGI
_fv.3
_h84643
_i5553
_si
949 _a312.0972 M49c 1990 B.C.
_bBC
_cINEGI
_d33724000535985
_eINEGI
_fv.6
_h88861
_i5553
_si
949 _a312.0972 M49c 1990 B.C.
_bBC
_cINEGI
_d33724000536009
_eINEGI
_fv.5
_h84776
_i5553
_si
949 _a312.0972 M49c 1990 B.C.
_bBC
_cINEGI
_d33724000841235
_eINEGI
_fv.6 c.2
_gDonaciØn
_h100579
_i5553
_sb
999 _c5361
_d5361